| 000 | 00714nam a2200229 a 4500 | ||
|---|---|---|---|
| 999 |
_c10525 _d10525 |
||
| 001 | 10525 | ||
| 003 | BD-JhCC | ||
| 005 | 20181002081620.0 | ||
| 008 | 180430s1964 nbu |||| |||| 000 0 eng d | ||
| 035 | _a(BD-JhCC)10525 | ||
| 040 |
_aBD-JhCC _dBD-JhCC |
||
| 041 | _aeng | ||
| 082 |
_a818.3 _bMIL 1964 |
||
| 100 | _aMilch, Robert J | ||
| 245 |
_aWalden, or, Life in the woods : _b notes, including chapter by chapter synopsis, selected examination questions / _cRobert J Milch, |
||
| 260 |
_aUSA : _bCliff's notes, _c1964 |
||
| 300 |
_a50 p. : _c21 cm. |
||
| 504 | _aIncludes bibliography | ||
| 650 | _aWalden (Thoreau, Henry David) | ||
| 650 | _aCivil disobedience (Thoreau, Henry David) | ||
| 942 |
_2ddc _cBK |
||